LDR 00758naa#a2200193#i#450# 001 EN\\bibl\124429 005 20260603080059.3 011 ## _a2409-3750 100 ## _a20260526b2026####ek#y0engy0150####ca 102 ## _aRU 200 1# _aA Current Approach to the Diagnosis and Treatment of Idiopathic Pulmo-nary Hypertension. _eJournal article 210 1# _aTula _cLLC Information and publishing center Innovations and investments _d2026 215 ## _a4 с. 608 ## _aJournal article _2local 675 ## _aАномалии. Сохранение артериального протока. 616.131-007.22 _aМедицина. Охрана здоровья. 61 _z 700 #1 _aBardykin _gN. A. 700 #1 _aSon'kina _gK. V. 700 #1 _aKirkina _gNatal'ya Yur'evna 856 4# _anaukaru.ru _u